| 000 | 00570nam a2200205Ia 4500 | ||
|---|---|---|---|
| 005 | 20250508165057.0 | ||
| 008 | 008 250505s9999 xx 000 0 eng d | ||
| 037 | _aTextual | ||
| 040 |
_aFEDL _beng _cFEDL |
||
| 041 |
_aeng _2eng |
||
| 084 |
_a954, HAS _qFEDL |
||
| 100 | _aHasan Mushirul Ed. | ||
| 245 | 0 | _aIndia's partition: Process, strategy and mobilization | |
| 260 |
_aDelhi, India _bOxford University Press _c1993 |
||
| 300 | _aviii,426p. | ||
| 365 |
_aINR _b390 |
||
| 546 | _aMACESE | ||
| 942 |
_cTEXL _h954, HAS |
||
| 999 |
_c1393023 _d1393023 |
||